00410nam a2200181Ia 4500003000900000008004100009040001300050040001300063041000800076100002300084245003600107250001700143260003000160260000900190300001100199300001200210490000600222IT-RoPAU120407s9999 xx 000 0 und d aIT-RoPAU cIT-RoPAU aita aFranchella Quirino aAttesa (l’) del terzo giorno. aSanremo (IM) aFamiglia dell’Ave Maria c1977 a434 p. c20,5 cm v1